[Event "XVIII Miedzynarodowe MP Duchowienstwa "]
[Site "Dom Zycia, ul. Gajowa 60, 62-8"]
[Date "2019.??.??"]
[Round "5.5"]
[White "Ks. Jakubiak, Karol"]
[Black "Ks. Mazur, Jan"]
[Result "1/2-1/2"]
[WhiteElo "1703"]
[BlackElo "1394"]
[PlyCount "120"]
[EventDate "2019.??.??"]

1. e4 d6 2. d4 g6 3. Nf3 Bg7 4. c3 Nf6 5. Nbd2 Nbd7 6. Bb5 c6 7. Ba4 b5 8. Bc2
e5 9. Nb3 a5 10. Bg5 a4 11. Nbd2 h6 12. Be3 Ng4 13. Qe2 Nxe3 14. Qxe3 O-O 15.
a3 Re8 16. O-O Ba6 17. Rfd1 Rc8 18. dxe5 Nxe5 19. Nxe5 dxe5 20. Nc4 Qc7 21. Nd6
Rcd8 22. Nxe8 Rxe8 23. Qd2 Bc8 24. Qd6 Qb6 25. Rd2 Bf8 26. Qf6 Bg7 27. Qh4 Kh7
28. Rad1 g5 29. Qg3 f6 30. h4 g4 31. h5 Qc7 32. f3 Rg8 33. Rf1 Bf8 34. f4 exf4
35. Qxf4 Bc5+ 36. Rd4 Bxd4+ 37. cxd4 Qxf4 38. Rxf4 Kg7 39. Bd1 Kf7 40. e5 f5
41. b3 axb3 42. Bxb3+ Be6 43. Rxf5+ Ke7 44. Bxe6 Kxe6 45. Rf6+ Kd5 46. Rd6+ Ke4
47. Rg6 Ra8 48. Rxg4+ Kd5 49. Rg6 Kxd4 50. Rxc6 Kxe5 51. Rxh6 Rxa3 52. Rb6 Kf4
53. Rxb5 Kg3 54. Rf5 Kg4 55. Rf3 Rxf3 56. gxf3+ Kxh5 57. Kf2 Kg5 58. Ke3 Kf5
59. f4 Kf6 60. Ke4 Ke6 1/2-1/2

[Event "XVIII Miedzynarodowe MP Duchowienstwa "]
[Site "Dom Zycia, ul. Gajowa 60, 62-8"]
[Date "2019.??.??"]
[Round "5.7"]
[White "Ks. Kubicz, Piotr"]
[Black "Ks. Skarzynski, Andrzej"]
[Result "0-1"]
[WhiteElo "1346"]
[BlackElo "1438"]
[PlyCount "110"]
[EventDate "2019.??.??"]

1. c4 Nf6 2. Qb3 c6 3. Nc3 e6 4. g3 Na6 5. d3 Nc7 6. Bg2 d5 7. cxd5 exd5 8. d4
h6 9. Nf3 Bd6 10. O-O O-O 11. Bd2 b6 12. Rac1 Bb7 13. Rfe1 Re8 14. a3 Rb8 15.
Na2 Ne4 16. Qd1 c5 17. e3 Nxd2 18. Qxd2 c4 19. Nc3 b5 20. Qc2 b4 21. axb4 Bxb4
22. Rf1 Bxc3 23. bxc3 Bc6 24. Qf5 Bd7 25. Qf4 Rb6 26. g4 Re4 27. Qg3 Rxg4 28.
Qe5 Re4 29. Qh5 Bg4 30. Qh4 Rf6 31. Ne5 Bf3 32. Qh3 Bxg2 33. Kxg2 Ne6 34. Kh1
Ng5 35. Qd7 Qxd7 36. Nxd7 Rf5 37. Rc2 Rxe3 38. fxe3 Rxf1+ 39. Kg2 Ra1 40. Ne5
Ne4 41. Nc6 Kf8 42. Nb4 Nf6 43. Ra2 Rxa2+ 44. Nxa2 a5 45. Kf3 Ne4 46. Kf4 f6
47. Kf5 Kf7 48. h3 g6+ 49. Kf4 Ke6 50. Kf3 Kf5 51. Kg2 Kg5 52. Kf3 Kh4 53. Kg2
f5 54. Kh2 g5 55. Kg2 h5 0-1

[Event "XVIII Miedzynarodowe MP Duchowienstwa "]
[Site "Dom Zycia, ul. Gajowa 60, 62-8"]
[Date "2019.??.??"]
[Round "6.1"]
[White "Dk. Domagalski, Fabian"]
[Black "Ks. Brzoza, Miroslaw"]
[Result "1-0"]
[WhiteElo "1532"]
[BlackElo "1244"]
[PlyCount "49"]
[EventDate "2019.??.??"]

1. e4 c5 2. Nf3 d6 3. d4 cxd4 4. Nxd4 Nf6 5. Nc3 a6 6. Be3 e5 7. Nb3 Be6 8. f3
Nbd7 9. Qd2 Rc8 10. O-O-O Be7 11. Kb1 O-O 12. g4 Nb6 13. h4 Nc4 14. Bxc4 Rxc4
15. h5 b5 16. g5 Ne8 17. Rdg1 b4 18. Nd5 Bxd5 19. Qxd5 Qc8 20. Rh2 Qe6 21. Qd3
f5 22. Na5 Rc8 23. Qxa6 fxe4 24. fxe4 Ra8 25. Qxa8 1-0

[Event "XVIII Miedzynarodowe MP Duchowienstwa "]
[Site "Dom Zycia, ul. Gajowa 60, 62-8"]
[Date "2019.??.??"]
[Round "6.3"]
[White "Ks. Leskauskas, Sarunas"]
[Black "Ks. Dyrda, Konrad"]
[Result "0-1"]
[WhiteElo "1465"]
[BlackElo "1493"]
[PlyCount "86"]
[EventDate "2019.??.??"]

1. e4 c5 2. f4 e6 3. Nf3 Nc6 4. Be2 d5 5. e5 Nge7 6. d3 Nf5 7. g4 Nfd4 8. h4
Be7 9. h5 h6 10. c3 Nxf3+ 11. Bxf3 Bh4+ 12. Ke2 Bd7 13. Qg1 Be7 14. Be3 Qb6 15.
b4 d4 16. cxd4 Nxd4+ 17. Bxd4 Qxb4 18. Be3 c4 19. dxc4 Qxc4+ 20. Kf2 O-O 21.
Nd2 Qa6 22. g5 Kh8 23. Qb1 Bc6 24. Ne4 Rfd8 25. gxh6 gxh6 26. Nf6 Bxf6 27. exf6
Bxf3 28. Kxf3 Qc6+ 29. Qe4 Qc3 30. Qe5 Qc6+ 31. Qe4 Qc3 32. Rhd1 Qxf6 33. Bd4
Rxd4 34. Rxd4 Qh4 35. Qe5+ f6 36. Qxe6 Rg8 37. Rd5 Qg3+ 38. Ke4 Qg2+ 39. Kf5
Qg4+ 40. Kxf6 Rf8+ 41. Qf7 Qxf4+ 42. Rf5 Rxf7+ 43. Kxf7 Qxf5+ 0-1

[Event "XVIII Miedzynarodowe MP Duchowienstwa "]
[Site "Dom Zycia, ul. Gajowa 60, 62-8"]
[Date "2019.??.??"]
[Round "6.4"]
[White "Ks. Jakubiak, Karol"]
[Black "Ks. Debowski, Stanislaw"]
[Result "1-0"]
[WhiteElo "1703"]
[BlackElo "1576"]
[PlyCount "65"]
[EventDate "2019.??.??"]

1. e4 d6 2. Nf3 g6 3. d4 Bg7 4. Nc3 Nf6 5. Be2 O-O 6. Be3 c6 7. Qd2 b5 8. a3 a5
9. O-O Bb7 10. Bd3 Na6 11. Bg5 Nc7 12. Rfe1 Nfe8 13. Ne2 Qd7 14. Ng3 Ne6 15.
Bh6 Nxd4 16. Nxd4 Bxd4 17. Bxf8 Kxf8 18. Qh6+ Kg8 19. c3 Bg7 20. Qg5 h6 21. Qf4
Nc7 22. Rad1 Ne6 23. Qg4 Qc7 24. Bb1 Nc5 25. f4 Bc8 26. Qf3 e6 27. f5 Bd7 28.
f6 Bf8 29. b4 axb4 30. cxb4 Nb7 31. h4 Nd8 32. h5 g5 33. e5 1-0

[Event "XVIII Miedzynarodowe MP Duchowienstwa "]
[Site "Dom Zycia, ul. Gajowa 60, 62-8"]
[Date "2019.??.??"]
[Round "6.5"]
[White "Ks. Mazur, Jan"]
[Black "Ks. Bak, Stanislaw"]
[Result "0-1"]
[WhiteElo "1394"]
[BlackElo "1652"]
[PlyCount "102"]
[EventDate "2019.??.??"]

1. Nf3 d5 2. d4 Nf6 3. g3 c6 4. Bg2 Bf5 5. Nh4 e6 6. Nxf5 exf5 7. Bg5 Nbd7 8.
e3 Qb6 9. Qc1 Ne4 10. Bxe4 fxe4 11. Bf4 f6 12. g4 h5 13. g5 h4 14. h3 Be7 15.
Rg1 O-O-O 16. Nc3 Rdf8 17. g6 Bb4 18. a3 Bxc3+ 19. bxc3 Qa5 20. Qb2 Nb6 21. Rb1
Qa6 22. Qb4 Rd8 23. a4 Nxa4 24. Ra1 b5 25. Bd6 Qb6 26. Bc5 Nxc5 27. dxc5 Qb7
28. Kd2 Kd7 29. Ra2 a5 30. Rxa5 Ra8 31. Rga1 Rxa5 32. Qxa5 Ke6 33. Qa7 Rb8 34.
Qxb7 Rxb7 35. Ra6 Rc7 36. Ke2 Kf5 37. f3 Kxg6 38. fxe4 dxe4 39. Ra1 Kf5 40.
Rf1+ Ke5 41. Rf4 g5 42. Rf1 f5 43. Rg1 Rg7 44. Kd2 g4 45. hxg4 fxg4 46. c4 bxc4
47. Ke2 g3 48. Rh1 g2 49. Rg1 Kd5 50. Kf2 h3 51. c3 Kxc5 0-1

[Event "XVIII Miedzynarodowe MP Duchowienstwa "]
[Site "Dom Zycia, ul. Gajowa 60, 62-8"]
[Date "2019.??.??"]
[Round "6.6"]
[White "Ks. Grela, Franciszek"]
[Black "Ks. Skarzynski, Andrzej"]
[Result "0-1"]
[WhiteElo "1392"]
[BlackElo "1438"]
[PlyCount "60"]
[EventDate "2019.??.??"]

1. d4 d5 2. c4 c6 3. cxd5 cxd5 4. Nc3 Nc6 5. Bf4 a6 6. e3 Nf6 7. Be2 Bf5 8. a3
e6 9. Nf3 h6 10. O-O Nh5 11. Ne5 Nxf4 12. Nxc6 Nxe2+ 13. Qxe2 bxc6 14. g4 Bg6
15. f4 f5 16. gxf5 exf5 17. b4 Qh4 18. Qg2 Qg4 19. Rf2 Qxg2+ 20. Rxg2 Bh5 21.
Na4 Rb8 22. Rc2 a5 23. bxa5 Ra8 24. Rxc6 Rxa5 25. Nb6 Kf7 26. a4 Kg8 27. Kf2
Be7 28. Re6 Bh4+ 29. Kg2 Kh7 30. Re5 Re8 0-1

[Event "XVIII Miedzynarodowe MP Duchowienstwa "]
[Site "Dom Zycia, ul. Gajowa 60, 62-8"]
[Date "2019.??.??"]
[Round "7.1"]
[White "Ks. Skarzynski, Andrzej"]
[Black "Dk. Domagalski, Fabian"]
[Result "0-1"]
[WhiteElo "1438"]
[BlackElo "1532"]
[PlyCount "116"]
[EventDate "2019.??.??"]

1. d4 d5 2. Nf3 Nf6 3. Bf4 e6 4. e3 Nbd7 5. Bd3 Be7 6. Nbd2 O-O 7. c3 Nh5 8.
Qc2 f5 9. Ne5 Nxf4 10. exf4 Nf6 11. f3 c5 12. g4 c4 13. Be2 Ne8 14. g5 g6 15.
h4 Ng7 16. Kf2 Qc7 17. Nf1 Nh5 18. Qd2 Bd7 19. Ng3 Nxg3 20. Kxg3 Be8 21. Rag1
Kh8 22. Kf2 Rg8 23. Ke3 b5 24. a3 a5 25. Ra1 Bd6 26. Kf2 Rb8 27. Rhb1 Qe7 28.
Bd1 Rg7 29. Be2 Qf8 30. Rh1 Rgb7 31. Rhb1 Kg8 32. Qe1 b4 33. axb4 axb4 34. Kg3
Qe7 35. Bf1 Kh8 36. Be2 Kg7 37. Bf1 Kg8 38. Be2 bxc3 39. bxc3 Rb3 40. Qc1 R8b6
41. Rxb3 Rxb3 42. Rb1 Qb7 43. Rxb3 Qxb3 44. Kf2 Kf8 45. Kg3 Ke7 46. Qe3 Qb1 47.
Kf2 Kf8 48. Kg3 Ke7 49. Kg2 Qe1 50. Kh3 Bc7 51. Kg2 Ba5 52. h5 gxh5 53. Qf2
Bxc3 54. Qxe1 Bxe1 55. Nxc4 dxc4 56. Bxc4 Bc3 57. d5 exd5 58. Bd3 Ke6 0-1

[Event "XVIII Miedzynarodowe MP Duchowienstwa "]
[Site "Dom Zycia, ul. Gajowa 60, 62-8"]
[Date "2019.??.??"]
[Round "7.2"]
[White "Ks. Dyrda, Konrad"]
[Black "Ks. Pawlowski, Slawomir"]
[Result "1-0"]
[WhiteElo "1493"]
[BlackElo "1589"]
[PlyCount "89"]
[EventDate "2019.??.??"]

1. e4 d5 2. exd5 Nf6 3. d4 Bg4 4. Bb5+ Nbd7 5. Nf3 a6 6. Ba4 b5 7. Bb3 Nb6 8.
Nbd2 Nbxd5 9. c3 e6 10. h3 Bh5 11. g4 Bg6 12. Ne5 c5 13. Nxg6 hxg6 14. Nf3 c4
15. Bc2 b4 16. Ba4+ Nd7 17. Ne5 N5b6 18. Bc6 Bd6 19. Nxd7 Nxd7 20. Bxa8 Qxa8
21. f3 Bg3+ 22. Kf1 e5 23. Kg2 Bh4 24. Qe2 O-O 25. Qxc4 e4 26. Rf1 Qb8 27. f4
Nb6 28. Qe2 bxc3 29. bxc3 Nd5 30. c4 Nb4 31. g5 Nd3 32. Be3 f6 33. Rab1 Qc7 34.
Qg4 fxg5 35. fxg5 Rxf1 36. Kxf1 Qf7+ 37. Ke2 Bxg5 38. Rb8+ Kh7 39. Qxg5 Qf3+
40. Kd2 Qxh3 41. Qd8 Qg2+ 42. Kc3 g5 43. Qxg5 Qh1 44. Qf5+ g6 45. Qf7# 1-0

[Event "XVIII Miedzynarodowe MP Duchowienstwa "]
[Site "Dom Zycia, ul. Gajowa 60, 62-8"]
[Date "2019.??.??"]
[Round "7.4"]
[White "Ks. Bak, Stanislaw"]
[Black "Ks. Brzoza, Miroslaw"]
[Result "1-0"]
[WhiteElo "1652"]
[BlackElo "1244"]
[PlyCount "61"]
[EventDate "2019.??.??"]

1. e4 c5 2. Nf3 d6 3. d4 cxd4 4. Nxd4 Nf6 5. Nc3 a6 6. Be3 e5 7. Nb3 Be6 8. f3
h5 9. Qd2 Nbd7 10. Be2 Be7 11. Bg5 Rc8 12. O-O-O O-O 13. Kb1 b5 14. Bxf6 Nxf6
15. g4 hxg4 16. fxg4 Nxg4 17. Bxg4 Bxg4 18. Rdf1 Be6 19. Rfg1 f5 20. Rg6 Rf6
21. Rhg1 Rxg6 22. Rxg6 Bf7 23. Rg1 f4 24. Nd5 Kh7 25. Qg2 Bf6 26. Nxf6+ Qxf6
27. Qh3+ Bh5 28. Qxc8 f3 29. Qh3 Kh6 30. Qg3 g6 31. Nd2 1-0

[Event "XVIII Miedzynarodowe MP Duchowienstwa "]
[Site "Dom Zycia, ul. Gajowa 60, 62-8"]
[Date "2019.??.??"]
[Round "7.5"]
[White "Ks. Debowski, Stanislaw"]
[Black "Ks. Leskauskas, Sarunas"]
[Result "0-1"]
[WhiteElo "1576"]
[BlackElo "1465"]
[PlyCount "40"]
[EventDate "2019.??.??"]

1. d4 d6 2. Nf3 Nf6 3. Nbd2 Nbd7 4. b3 c5 5. e3 Qa5 6. Bb2 Ne4 7. Bd3 Ndf6 8.
O-O d5 9. Ne5 Nxd2 10. Re1 c4 11. bxc4 dxc4 12. Nxc4 Nxc4 13. Bxc4 b5 14. Bb3
Bb7 15. d5 Rd8 16. Bxf6 gxf6 17. e4 Bg7 18. Qg4 Kf8 19. Re3 f5 20. exf5 Bxa1
0-1

[Event "XVIII Miedzynarodowe MP Duchowienstwa "]
[Site "Dom Zycia, ul. Gajowa 60, 62-8"]
[Date "2019.??.??"]
[Round "7.6"]
[White "Ks. Domaraczenko, Krzysztof"]
[Black "Ks. Mazur, Jan"]
[Result "0-1"]
[WhiteElo "1225"]
[BlackElo "1394"]
[PlyCount "66"]
[EventDate "2019.??.??"]

1. e4 e6 2. d4 d5 3. e5 c5 4. Nf3 Nc6 5. a3 Qb6 6. Ng5 Nxd4 7. c3 Nf5 8. Bd3 h6
9. Nf3 Bd7 10. O-O Bb5 11. Re1 Bxd3 12. Qxd3 c4 13. Qd1 Bc5 14. Re2 Rd8 15.
Nbd2 Qc6 16. b3 b5 17. a4 b4 18. Qc2 bxc3 19. Qxc3 Rb8 20. bxc4 dxc4 21. Nxc4
Rc8 22. Rc2 Nge7 23. Ne1 Qe4 24. Nd3 O-O 25. Nxc5 Rxc5 26. Ba3 Rc6 27. Re1 Qd5
28. Qb3 Rfc8 29. Rec1 Nd4 30. Qg3 Nef5 31. Qd3 Nxc2 32. Qxc2 Rxc4 33. Qb1 Rxc1+
0-1

[Event "XVIII Miedzynarodowe MP Duchowienstwa "]
[Site "Dom Zycia, ul. Gajowa 60, 62-8"]
[Date "2019.??.??"]
[Round "7.7"]
[White "Ks. Kubasik, Adam"]
[Black "Ks. Kubicz, Piotr"]
[Result "1-0"]
[WhiteElo "1183"]
[BlackElo "1346"]
[PlyCount "35"]
[EventDate "2019.??.??"]

1. e4 e5 2. Bc4 Bc5 3. Nf3 Nc6 4. O-O Nf6 5. Re1 d6 6. h3 O-O 7. c3 Re8 8. d4
exd4 9. cxd4 Bb6 10. Nc3 h6 11. a3 a6 12. b4 Rf8 13. Ra2 Bd7 14. Rae2 Ne7 15.
e5 Ne8 16. e6 Bxe6 17. Bxe6 fxe6 18. Rxe6 1-0

[Event "XVIII Miedzynarodowe MP Duchowienstwa "]
[Site "Dom Zycia, ul. Gajowa 60, 62-8"]
[Date "2019.??.??"]
[Round "8.2"]
[White "Ks. Bak, Stanislaw"]
[Black "Ks. Dyrda, Konrad"]
[Result "0-1"]
[WhiteElo "1652"]
[BlackElo "1493"]
[PlyCount "34"]
[EventDate "2019.??.??"]

1. e4 e5 2. Nf3 Nc6 3. Bb5 Nf6 4. O-O Be7 5. Re1 d6 6. h3 O-O 7. Bxc6 bxc6 8.
d4 d5 9. Nxe5 Bb7 10. exd5 cxd5 11. c3 Ne4 12. f3 Ng3 13. Bf4 Bh4 14. Bxg3 Bxg3
15. Re2 Ba6 16. Nc6 Bxe2 17. Qxe2 Re8 0-1

[Event "XVIII Miedzynarodowe MP Duchowienstwa "]
[Site "Dom Zycia, ul. Gajowa 60, 62-8"]
[Date "2019.??.??"]
[Round "8.3"]
[White "Ks. Pawlowski, Slawomir"]
[Black "Ks. Leskauskas, Sarunas"]
[Result "1-0"]
[WhiteElo "1589"]
[BlackElo "1465"]
[PlyCount "69"]
[EventDate "2019.??.??"]

1. d4 d6 2. Nf3 Nf6 3. c4 Nbd7 4. Nc3 c5 5. e3 g6 6. Be2 Bg7 7. O-O e6 8. Qc2
Qb6 9. Bd2 Ke7 10. a3 Rd8 11. b4 cxd4 12. exd4 a6 13. c5 dxc5 14. dxc5 Qc7 15.
Rad1 Kf8 16. Bg5 Re8 17. Bh4 Kg8 18. Bg3 e5 19. Bc4 b5 20. Ba2 Ng4 21. Ng5 Nh6
22. Nce4 Bb7 23. Nd6 Re7 24. Nxb7 Qxb7 25. Bd5 Qb8 26. Bxa8 Qxa8 27. c6 Nf8 28.
Rfe1 f6 29. Ne4 Nf5 30. Nd6 Nxd6 31. Rxd6 Qc8 32. Red1 Rc7 33. f3 Ne6 34. Qb3
Kf7 35. Rd7+ 1-0

[Event "XVIII Miedzynarodowe MP Duchowienstwa "]
[Site "Dom Zycia, ul. Gajowa 60, 62-8"]
[Date "2019.??.??"]
[Round "8.4"]
[White "Ks. Jakubiak, Karol"]
[Black "Ks. Skarzynski, Andrzej"]
[Result "1-0"]
[WhiteElo "1703"]
[BlackElo "1438"]
[PlyCount "97"]
[EventDate "2019.??.??"]

1. e4 e5 2. Nf3 d6 3. d4 exd4 4. Nxd4 Nc6 5. Nc3 a6 6. Be3 Nf6 7. Be2 Be7 8.
O-O O-O 9. Qd2 Bd7 10. Rad1 Qc8 11. Rfe1 Nd8 12. Bd3 c6 13. Nce2 c5 14. Nf3 c4
15. e5 dxe5 16. Bxc4 Qxc4 17. Nxe5 Qxa2 18. Nxd7 Nxd7 19. Qxd7 Bf6 20. Bc5 Ne6
21. Bxf8 Rxf8 22. Qxb7 Qxb2 23. Qxb2 Bxb2 24. Rd6 Ra8 25. Rb6 Be5 26. Nc1 Bd4
27. Rd6 Bc5 28. Rc6 Bd4 29. Nb3 Bf6 30. Nc5 Nxc5 31. Rxc5 h6 32. Rc4 a5 33. Ra4
Bc3 34. Re2 Rd8 35. g3 f6 36. Re3 Rc8 37. Rd3 Bb4 38. Ra2 Rc7 39. Kf1 Kf8 40.
Ke2 Re7+ 41. Re3 Rd7 42. c3 Bc5 43. Rd3 Re7+ 44. Kf3 Ra7 45. Rd5 Bb6 46. Ra4
Rc7 47. c4 Ke7 48. Rb5 Rc6 49. Ra2 1-0

[Event "XVIII Miedzynarodowe MP Duchowienstwa "]
[Site "Dom Zycia, ul. Gajowa 60, 62-8"]
[Date "2019.??.??"]
[Round "8.5"]
[White "Ks. Brzoza, Miroslaw"]
[Black "Ks. Kubasik, Adam"]
[Result "1-0"]
[WhiteElo "1244"]
[BlackElo "1183"]
[PlyCount "32"]
[EventDate "2019.??.??"]

1. d4 e6 2. c4 g6 3. Nf3 Bg7 4. e4 Ne7 5. Nc3 O-O 6. Be3 c6 7. Bd3 d5 8. O-O
dxc4 9. Bxc4 b5 10. Bb3 Bb7 11. Qd2 a5 12. a3 a4 13. Bc2 f5 14. Rad1 fxe4 15.
Bxe4 Nf5 16. Bg5 Bf6 1-0

[Event "XVIII Miedzynarodowe MP Duchowienstwa "]
[Site "Dom Zycia, ul. Gajowa 60, 62-8"]
[Date "2019.??.??"]
[Round "8.7"]
[White "Ks. Kubicz, Piotr"]
[Black "Ks. Grela, Franciszek"]
[Result "1/2-1/2"]
[WhiteElo "1346"]
[BlackElo "1392"]
[PlyCount "117"]
[EventDate "2019.??.??"]

1. c4 Nf6 2. Qb3 Nc6 3. d3 d5 4. cxd5 Nxd5 5. Nf3 b6 6. g3 Na5 7. Qd1 Bb7 8.
Bg2 e6 9. Nc3 Nxc3 10. bxc3 Be7 11. O-O O-O 12. d4 Bd6 13. Qa4 Be7 14. Re1 Bc6
15. Qc2 Nc4 16. a4 a5 17. e4 Nd6 18. e5 Nc4 19. Rd1 Qd7 20. Bd2 Na3 21. Qd3
Bxa4 22. Rdc1 Bb5 23. c4 Nxc4 24. Rxc4 Bxc4 25. Qxc4 Rab8 26. Be3 b5 27. Qd3 a4
28. Ng5 Bxg5 29. Bxg5 h6 30. Be3 Rfd8 31. Rc1 Qe7 32. Bc6 Qb4 33. Rb1 Qc4 34.
Bxb5 Qxd3 35. Bxd3 Rxb1+ 36. Bxb1 a3 37. Ba2 g5 38. Kg2 c6 39. Kf3 Rb8 40. Bc1
Rb4 41. Ke4 g4 42. Ke3 Rb5 43. Ke4 Ra5 44. Kd3 Kf8 45. Kc3 Ra4 46. Kb3 Rxd4 47.
Bxa3+ Ke8 48. Bc5 Re4 49. Bd6 Re2 50. Ka3 Rxf2 51. Bb3 Rxh2 52. Ba4 h5 53.
Bxc6+ Kd8 54. Bc5 Kc7 55. Be8 Rh3 56. Bf2 Rh2 57. Be3 Rg2 58. Bf4 Kb6 59. Bxf7
1/2-1/2

[Event "XVIII Miedzynarodowe MP Duchowienstwa "]
[Site "Dom Zycia, ul. Gajowa 60, 62-8"]
[Date "2019.??.??"]
[Round "9.1"]
[White "Dk. Domagalski, Fabian"]
[Black "Ks. Jakubiak, Karol"]
[Result "1/2-1/2"]
[WhiteElo "1532"]
[BlackElo "1703"]
[PlyCount "145"]
[EventDate "2019.??.??"]

1. Nf3 Nf6 2. c4 g6 3. d4 Bg7 4. Nc3 O-O 5. e3 d6 6. Be2 Nbd7 7. O-O c5 8. Rb1
b6 9. Qc2 Qc7 10. b4 Bb7 11. Ba3 Rfe8 12. Rfd1 a6 13. bxc5 bxc5 14. Rb3 Rab8
15. Nd2 Bc6 16. Rdb1 Qa7 17. Qd3 cxd4 18. exd4 Red8 19. Bf3 Bxf3 20. Nxf3 Rdc8
21. Re1 Bf8 22. Ng5 Qc7 23. Rxb8 Rxb8 24. Nge4 Qa5 25. Nxf6+ Nxf6 26. Bc1 Rc8
27. Be3 Nd5 28. Bd2 Nxc3 29. Bxc3 Qxa2 30. c5 e6 31. Ra1 Qb3 32. Rb1 Qd5 33.
Qxa6 Ra8 34. Qb7 Qxb7 35. Rxb7 dxc5 36. dxc5 Bxc5 37. Rb1 Rd8 38. g3 Kf8 39.
Bf6 Re8 40. h4 e5 41. Re1 Re6 42. Bg5 f6 43. Be3 Be7 44. Rb1 f5 45. Rb8+ Kf7
46. Rb7 Ke8 47. Rb8+ Kd7 48. Rh8 h5 49. Ra8 Kd6 50. Ra6+ Kd5 51. Ra4 Rc6 52.
Kg2 Bd6 53. Ra8 f4 54. Ra5+ Ke6 55. Bd2 fxg3 56. Kxg3 Rc2 57. Be3 Rc4 58. Bg5
Kf5 59. f4 Ke4 60. fxe5 Bxe5+ 61. Kg2 Rc2+ 62. Kf1 Rb2 63. Ra4+ Kf5 64. Ra5 Rh2
65. Kg1 Rh3 66. Kg2 Rg3+ 67. Kf2 Rxg5 68. hxg5 Kf4 69. Kg2 Bc7 70. Rc5 Bd8 71.
Kh3 Bxg5 72. Rc6 Kf5 73. Rxg6 1/2-1/2

[Event "XVIII Miedzynarodowe MP Duchowienstwa "]
[Site "Dom Zycia, ul. Gajowa 60, 62-8"]
[Date "2019.??.??"]
[Round "9.2"]
[White "Ks. Dyrda, Konrad"]
[Black "Ks. Brzoza, Miroslaw"]
[Result "1/2-1/2"]
[WhiteElo "1493"]
[BlackElo "1244"]
[PlyCount "25"]
[EventDate "2019.??.??"]

1. e4 e5 2. Nf3 Nc6 3. Bb5 a6 4. Ba4 Nf6 5. d3 b5 6. Bb3 d6 7. h3 Be7 8. c3 O-O
9. O-O Re8 10. Ng5 Rf8 11. Nf3 Re8 12. Ng5 Rf8 13. Nf3 1/2-1/2

[Event "XVIII Miedzynarodowe MP Duchowienstwa "]
[Site "Dom Zycia, ul. Gajowa 60, 62-8"]
[Date "2019.??.??"]
[Round "9.3"]
[White "Ks. Pawlowski, Slawomir"]
[Black "Ks. Bak, Stanislaw"]
[Result "0-1"]
[WhiteElo "1589"]
[BlackElo "1652"]
[PlyCount "67"]
[EventDate "2019.??.??"]

1. d4 d5 2. Bf4 e6 3. e3 Bd6 4. Bg3 Nf6 5. Nf3 Bxg3 6. hxg3 Qd6 7. c3 Nbd7 8.
Nbd2 e5 9. dxe5 Nxe5 10. Nxe5 Qxe5 11. Nf3 Qe7 12. Bd3 Bg4 13. Qa4+ Bd7 14. Qc2
O-O-O 15. O-O-O h6 16. Nd4 g6 17. Rh4 c5 18. Nb5 c4 19. Bxc4 dxc4 20. Rxc4+ Kb8
21. Nd4 Be6 22. Rb4 Rc8 23. Ra4 Nd5 24. Qe4 Qc5 25. Ra3 Nc7 26. Qf4 g5 27. Qe4
Qd5 28. Qc2 Nb5 29. Nxb5 Qxb5 30. Ra4 Rhd8 31. Rb4 Rxd1+ 32. Kxd1 Qf1+ 33. Kd2
Qxf2+ 34. Kd3 0-1

[Event "XVIII Miedzynarodowe MP Duchowienstwa "]
[Site "Dom Zycia, ul. Gajowa 60, 62-8"]
[Date "2019.??.??"]
[Round "9.6"]
[White "Ks. Leskauskas, Sarunas"]
[Black "Ks. Kubicz, Piotr"]
[Result "1-0"]
[WhiteElo "1465"]
[BlackElo "1346"]
[PlyCount "37"]
[EventDate "2019.??.??"]

1. e4 e5 2. f4 exf4 3. Nf3 Nf6 4. Nc3 Be7 5. d4 O-O 6. Bc4 d6 7. O-O Nxe4 8.
Nd5 Be6 9. Re1 Nf6 10. Nxe7+ Qxe7 11. d5 Nxd5 12. Bxd5 c6 13. Bb3 g5 14. Bd2 d5
15. h4 h6 16. hxg5 hxg5 17. Nd4 Qf6 18. Bc3 Qg6 19. Nxe6 1-0

[Event "XVIII Miedzynarodowe MP Duchowienstwa "]
[Site "Dom Zycia, ul. Gajowa 60, 62-8"]
[Date "2019.??.??"]
[Round "9.8"]
[White "Ks. Domaraczenko, Krzysztof"]
[Black "Ks. Kubasik, Adam"]
[Result "0-1"]
[WhiteElo "1225"]
[BlackElo "1183"]
[PlyCount "75"]
[EventDate "2019.??.??"]

1. e4 e5 2. Nf3 Nc6 3. Bb5 a6 4. Ba4 Bc5 5. O-O Nge7 6. Re1 d6 7. h3 O-O 8. c3
f5 9. Bb3+ Kh8 10. Ng5 d5 11. Qh5 h6 12. Nf7+ Rxf7 13. Qxf7 Bd7 14. Qh5 dxe4
15. d4 Be8 16. Bf7 Bxf7 17. Qxf7 exd4 18. cxd4 Bxd4 19. Nc3 Qf8 20. Qe6 Qf6 21.
Qb3 Qh4 22. Be3 b6 23. Nd5 Bxe3 24. Rxe3 Na5 25. Qd1 Rd8 26. Re2 Rxd5 27. Qa4
Qh5 28. f3 Nec6 29. Rae1 Rd4 30. Qc2 Rc4 31. Qd1 Nd4 32. Rd2 Nac6 33. b3 Rc5
34. Rxd4 Nxd4 35. Qxd4 exf3 36. Re7 Qg6 37. Qd8+ Kh7 38. Re8 0-1